00625nam a2200169 a 4500008004100000020001500041050001400056100001400070245005800084260003100142300002100173350000900194650001200203995009300215999001700308952013000325120416s1976 ||||||||||||||||| || u a0070842167 aQC 23 Bol aBolton, W10aPhysical science for technicians: a first level unit  aLondon:bMcGraw-Hillc1976 a(8), 136p. : ill a0.00 0aPHYSICS D0.00FCBU-MAIN LIBRARY (Kitwe)H1I2.25M1UDAMAGEDZMain Library Open Access Collection c53581d53581 00102lcc4070a001b001cMain Library Open Access Collectiond2022-11-30l0oQC 23 Bolp012161r2022-11-30w2022-11-30y002